01635 2200625 4500001002100000005001500021035002000036008004100056245002000097250000600117260003100123300003000154020002200184084001400206520032300220082000800543650001400551990001200565990001200577990001200589990001200601990001200613990001200625990001200637990001200649990001200661990001200673990001200685990001200697990001200709990001200721990001200733990001200745990001200757990001200769990001200781990001200793990001200805990001200817990001200829990001200841990001200853990001200865990001200877990001200889990001200901990001200913990001200925990001200937990001200949990001200961990001200973990001200985990001200997INLIS00000000000000720240430025859 a0010-0324000007240430 0 ind  aBupena Fisika X a1 aJakarta :bErlangga,c2017 a174 hlm. ;c21 cm x 26 cm a978-602-434-305-7 a530 ARI b aBuku seri BUPENA ini dikembangkan dengan menyajikan pembelajaran berbasis aktivitas yang akan mendorong proses belajar untuk menghasilkan karya dengan basis pemecahan masalah (project based learning). Rangkaian proses belajar dalam buku ini secara komprehensif dapat membantu guru untuk mengembangkan kegiatan belajar. a530 4aNon Fiksi a0739096 a0739097 a0739098 a0739099 a0739100 a0739101 a0739102 a0739103 a0739104 a0739105 a0739106 a0739107 a0739108 a0739109 a0739110 a0739111 a0739112 a0739113 a0739114 a0739115 a0739116 a0739117 a0739118 a0739119 a0739120 a0739121 a0739122 a0739123 a0739124 a0739125 a0739126 a0739127 a0739128 a0739129 a0739130 a0739131 a0739132